00657nam a2200253Ia 450000500170000000800460001702000180006303700100008104000080009104000080009904000080010704100080011504100080012308400080013110000300013924500230016926000320019226000090022465000080023385600400024194200100028199900210029195200910031220260306164033.0008 260114s9999 xx 000 0 eng d a9780226525297 aEBOOK aCRL beng cCRL 2eng aeng qCRL aMilhaupt, Pistor91129874 0aLaw And Capitalism bUniversity of Chicago Press c2013 aLaw uhttps://academic.oup.com/book/28680 cEBOOK c1712495d1712495 00104070aCRLbCRLd2026-03-06l0pCL2005016r2026-03-06 16:40:33w2026-03-06yEBOOK